Word Ladder: New World Order Trio Quiz Stats

 Plays Quiz Updated Oct 13, 2019

Score 0/12 Timer 02:00
4 Plays Today
Clue 4 Letter Word % Correct
• New World Order member: ____ Hogan •
or: 'Incredible' Marvel character
• HULK •
98.5%
The North one is Santa's homePOLE
98.1%
Dickens novel: A ____ of Two CitiesTALE
97.9%
Position for a picture ('Strike a ____')POSE
97.6%
Lacking in colorPALE
96.5%
• New World Order member: Scott ____
or: Corridor
• HALL •
95.5%
Beckham's Spice Girl namePOSH
95.3%
Adjective for Shaq or the Burj KhalifaTALL
93.1%
Main body of a shipHULL
90.8%
•Event where they formed: ____ at the Beach •
or: Major party
• BASH •
90.3%
• New World Order member: Kevin ____
or: Musical partner of Crosby and Stills
• NASH •
86.3%
Small snacking food (originally Yiddish)NOSH
80.2%

Today's Daily Dose

You're not logged in!

Compare scores with friends on all Sporcle quizzes.
OR
Log In

Sporcle TV

Today on Sporcle TV


Watch our educational content, quiz creation guides, and fun videos on Sporcle TV.

Show Comments

Extras

Top Quizzes Today


Score Distribution

Your Account Isn't Verified!

In order to create a playlist on Sporcle, you need to verify the email address you used during registration. Go to your Sporcle Settings to finish the process.

Report this User

Report this user for behavior that violates our Community Guidelines.

Details: